zpět

Detail výsledku týmu

Záložna ST, Pardubice

Datum a čas kvízu

35 Celkem bodů Celkový počet nahraných bodů na tomto kvízu bez doplňovacích otázek.
6. Pořadí na kvízu Konečné umístění týmu na tomto kvízu.

Zaznamenané odpovědi

# Otázka Odpověď Body Výsledky
1. Bývalý starosta pražských Řepo... (Vazební) věznice Pankrác 0
2. Pár přísně chráněných živočich... B) užovky 1
3. Přehlídkou filmových hvězd na... Aňa Geislerová 1
4. Minulý týden jsme se dozvěděli... za Sandru Bullock 1
5. V sobotu odstartoval v Lille 1... Pavel Bittner 1
6. V tomto tématu se budeme zabýv... Pilsner Urquell 1
7. V reklamách společnosti Tipspo... stačí jen začít 1
8. Pro kterou firmu vyrábějící tu... Fruko-Schulz 0
9. Pro kterou módní značku se Raf... Tommy Hilfiger 0
10. Ne vždy sportovci produktům, n... Coca-Cola 1